000 00759nam a2200289Ia 4500
001 17105
003 IT-RoPAU
008 130308s9999 xx 000 0 und d
040 _aIT-RoPAU
040 _cIT-RoPAU
041 _aITALIANO
100 _aBarbiellini Amidei Gaspare
100 _gCodice Aut. SPICS: 9569
245 _aObbligo della speranza (L')
245 _bUnione Cattolica Stampa Italiana 1979-80
250 _a1a ed.
260 _aROMA
260 _bCisad
260 _c1980 [1° Ed.:1980 - Ed.Ling.Originale:1980]
300 _a"4 p. (prefazione: no ; testo: 4 [pagine: 65-68])"
650 _aSAGGI DI STAMPA DI MASSA
650 _eCodice materia Spics: 6661
942 _cBK
957 _71
999 _c50146
_d50146
999 _bSI
999 _g1